Suomen maakunnat - Äkkikuolema - Statistics

Yleistilastot
  • Tätä visaa on pelattu 257 kertaa
  • Keskiarvotulos 16 / 19
Answers on the Grid
Answers color-coded by a green-red scale on the quiz's grid according to % correct below.
Ahvenanmaa
Artjärvi
Blekingen alue
Espoo
Etelä-Karjala
Etelä-Pohjanmaa
Etelä-Savo
Helsinki
Itä-Uusimaa
Joki
Kainuu
Kanta-Häme
Keski-Pohjanmaa
Keski-Suomi
Kymenlaakso
Lappi
Novgorod
Päijät-Häme
Pietari
Pirkanmaa
Pohjanmaa
Pohjois-Karjala
Pohjois-Pohjanmaa
Pohjois-Savo
Satakunta
Tukholman alue
Turku
Uusimaa
Varsinais-Suomi
Vesistö
 
Vastaustilastot
Vastaus % Oikein
Etelä-Karjala
94%
Ahvenanmaa
92%
Etelä-Pohjanmaa
91%
Etelä-Savo
88%
Kanta-Häme
86%
Keski-Pohjanmaa
83%
Pohjanmaa
83%
Päijät-Häme
81%
Pohjois-Pohjanmaa
81%
Uusimaa
81%
Keski-Suomi
80%
Kymenlaakso
80%
Pirkanmaa
80%
Pohjois-Karjala
80%
Pohjois-Savo
80%
Varsinais-Suomi
80%
Satakunta
78%
Lappi
77%
Kainuu
72%
Ehtoja vastaavia visoja ei löytynyt
Tulosjakauma
Jokaisen tuloksen saaneiden osuus
Persentiili vastausten määrän mukaan
Tuloshistoriasi
Et ole pelannut tätä visaa